000
00243nmm a2200085Ia 4500
008
220120s9999||||xx |||||||||||||||||und||
100
_a
EFY-SEP-2009
_9
11154
245
0
_a
EFY Magazine, utilities, circuits, datasheets, e-books, fun
260
_c
2008
999
_c
139406
_d
139406